000 00321nam a22001457a 4500
003 OSt
020 _a9390455308
082 _a338.064 DUI
100 _aDUBEY, Sanjiva Shankar
245 _aInnovation with IT 4.0
250 _a2nd
260 _aNew Delhi
_bWiley India Pvt Ltd
_c2022
300 _a240
942 _2ddc
_cBK
999 _c11329
_d11329